Fixed rings of finite automorphism groups of associative rings
Uloženo v:
| Hlavní autor: | |
|---|---|
| Médium: | Kniha |
| Jazyk: | angličtina |
| Vydáno: |
Berlín
Springer-Verlag
1980
|
| Edice: | Lecture Notes in Mathematics, 818
|
| Témata: | |
| Tagy: |
Přidat tag
Žádné tagy, Buďte první, kdo vytvoří štítek k tomuto záznamu!
|
MARC
| LEADER | 00000nam a2200000 a 4500 | ||
|---|---|---|---|
| 001 | UCQ9484 | ||
| 003 | CL-VaPUC | ||
| 008 | 990112e19800000GW |||||||||||||||||eng|d | ||
| 082 | 0 | 4 | |a 512.4 |b MON |2 21 |
| 100 | |a Montgomery, Susan |e autora |9 424060 | ||
| 245 | 1 | 0 | |a Fixed rings of finite automorphism groups of associative rings |
| 300 | |a 126 p | ||
| 942 | |c BK | ||
| 945 | |d 19990112 00:00:00 |a crobeson | ||
| 260 | |a Berlín |b Springer-Verlag |c 1980 | ||
| 650 | 0 | |a Teoría de anillos |9 342207 | |
| 650 | 0 | |a Anillos asociativos |9 423037 | |
| 650 | 0 | |a Módulos |9 356144 | |
| 583 | |a last modification |c 19990112 00:00:00 |k Rodrigo Vera | ||
| 490 | 0 | |a Lecture Notes in Mathematics, 818 | |
| 999 | |c 278485 |d 278483 | ||
| 952 | |0 0 |1 0 |4 0 |6 512_400000000000000_MON_1980 |7 0 |8 A |9 317068 |a BIBMAT |b BIBMAT |d 2019-11-20 |i 131517K |o 512.4 MON 1980 |p 131517K |r 2025-01-07 |w 2019-11-20 |y BK |k MAT | ||